000 00687nam a2200289Ia 4500
005 20260324112332.0
008 008 260324s9999 xx 000 0 eng d
020 _a9781003422372
037 _aEBOOK
040 _aCRL
040 _beng
040 _cCRL
041 _2eng
041 _aeng
084 _qCRL
100 _aLyne Piché
_91142269
245 0 _aADHD and Sex
245 2 _bA Workbook for Exploring Sexuality and Increasing Intimacy
260 _bTaylor and Francis
260 _c2024
365 _a
365 _b205
856 _uhttp://www.taylorfrancis.com/books/9781003422372
942 _cEBOOK
999 _c1731433
_d1731433